<?xml version="1.0" encoding="UTF-8"?><?xml-stylesheet type="text/xsl" href="static/style.xsl"?><OAI-PMH xmlns="http://www.openarchives.org/OAI/2.0/" xmlns:xsi="http://www.w3.org/2001/XMLSchema-instance" xsi:schemaLocation="http://www.openarchives.org/OAI/2.0/ http://www.openarchives.org/OAI/2.0/OAI-PMH.xsd"><responseDate>2026-04-14T02:17:58Z</responseDate><request verb="GetRecord" identifier="oai:www.recercat.cat:20.500.12328/3208" metadataPrefix="marc">https://recercat.cat/oai/request</request><GetRecord><record><header><identifier>oai:recercat.cat:20.500.12328/3208</identifier><datestamp>2025-05-16T12:57:25Z</datestamp><setSpec>com_2072_67741</setSpec><setSpec>col_2072_484352</setSpec></header><metadata><record xmlns="http://www.loc.gov/MARC21/slim" xmlns:dcterms="http://purl.org/dc/terms/" xmlns:xsi="http://www.w3.org/2001/XMLSchema-instance" xmlns:doc="http://www.lyncode.com/xoai" xsi:schemaLocation="http://www.loc.gov/MARC21/slim http://www.loc.gov/standards/marcxml/schema/MARC21slim.xsd">
   <leader>00925njm 22002777a 4500</leader>
   <datafield ind2=" " ind1=" " tag="042">
      <subfield code="a">dc</subfield>
   </datafield>
   <datafield ind2=" " ind1=" " tag="720">
      <subfield code="a">Giralt Hernando, Maria</subfield>
      <subfield code="e">author</subfield>
   </datafield>
   <datafield ind2=" " ind1=" " tag="720">
      <subfield code="a">Ragucci, Gian Maria</subfield>
      <subfield code="e">author</subfield>
   </datafield>
   <datafield ind2=" " ind1=" " tag="720">
      <subfield code="a">CANTO-NAVES, ORIOL</subfield>
      <subfield code="e">author</subfield>
   </datafield>
   <datafield ind2=" " ind1=" " tag="720">
      <subfield code="a">Valls-Ontañón, Adaia</subfield>
      <subfield code="e">author</subfield>
   </datafield>
   <datafield ind2=" " ind1=" " tag="720">
      <subfield code="a">Hernandez Alfaro, Federico</subfield>
      <subfield code="e">author</subfield>
   </datafield>
   <datafield ind2=" " ind1=" " tag="260">
      <subfield code="c">2022</subfield>
   </datafield>
   <datafield ind2=" " ind1=" " tag="520">
      <subfield code="a">(1) Background: Most of the clinical literature dealing with dental implants has been issued by experienced teams working either in university settings or in private practice. The purpose of this study was to identify contributing covariates to implant failure and marginal bone loss (MBL) at the 1-year follow-up of a novel triangular-neck implant design when placed by inexperienced post-graduate students. (2) Methods: A prospective cohort study was conducted on study participants eligible for implant placement at the UIC (International University of Catalonia), Barcelona, Spain. Implant failure rate and contributors to implant failure and MBL were investigated among 24 implant and patient variables. (3) Results: One hundred and twenty implants (V3, MIS) were placed and rehabilitated by the students. The mean insertion torque was 37.1 Ncm. Survival and success rates were 97.5% and 96.7%, respectively. Implants placed in patients with smoking habits displayed a tendency of higher failure risk (OR = 5.31, p = 0.17) when compared to non-smokers. The mean (SD) MBL was 0.51 (0.44) mm. Gender significantly affected the MBL (p = 0.020). Bleeding on probing (BoP) on the buccal sites proved to be a good predictor of proximal MBL (p = 0.030). (4) Conclusions: The survival and success rates of the V3 triangular-neck implant placed by inexperienced post-graduate students at the 1-year follow-up were high and similar to the ones published in the literature by experienced teams on other implants.</subfield>
   </datafield>
   <datafield ind1="8" ind2=" " tag="024">
      <subfield code="a">Giralt-Hernando, Maria; Ragucci, Gian Maria; Cantó-Naves, Oriol [et al.]. Covariates relating to implant failure and marginal bone loss of a novel triangular neck-implant placed by post-graduate students: a 1-year prospective cohort study. Materials, 2022, 15(6), 1987. Disponible en: &lt;https://www.mdpi.com/1996-1944/15/6/1987>. Fecha de acceso: 1 abr. 2022. DOI: 10.3390/ma15061987</subfield>
   </datafield>
   <datafield ind1="8" ind2=" " tag="024">
      <subfield code="a">1996-1944</subfield>
   </datafield>
   <datafield ind1="8" ind2=" " tag="024">
      <subfield code="a">http://hdl.handle.net/20.500.12328/3208</subfield>
   </datafield>
   <datafield ind1="8" ind2=" " tag="024">
      <subfield code="a">https://dx.doi.org/10.3390/ma15061987</subfield>
   </datafield>
   <datafield tag="653" ind2=" " ind1=" ">
      <subfield code="a">Pèrdua òssia marginal</subfield>
   </datafield>
   <datafield tag="653" ind2=" " ind1=" ">
      <subfield code="a">Implants dentals</subfield>
   </datafield>
   <datafield tag="653" ind2=" " ind1=" ">
      <subfield code="a">Periimplantitis</subfield>
   </datafield>
   <datafield tag="653" ind2=" " ind1=" ">
      <subfield code="a">Teixit queratinitzat</subfield>
   </datafield>
   <datafield tag="653" ind2=" " ind1=" ">
      <subfield code="a">Coll d'implant</subfield>
   </datafield>
   <datafield tag="653" ind2=" " ind1=" ">
      <subfield code="a">Percentatge d'èxit</subfield>
   </datafield>
   <datafield tag="653" ind2=" " ind1=" ">
      <subfield code="a">Taxa de fracàs</subfield>
   </datafield>
   <datafield tag="653" ind2=" " ind1=" ">
      <subfield code="a">Pérdida de hueso marginal</subfield>
   </datafield>
   <datafield tag="653" ind2=" " ind1=" ">
      <subfield code="a">Implantes dentales</subfield>
   </datafield>
   <datafield tag="653" ind2=" " ind1=" ">
      <subfield code="a">Periimplantitis</subfield>
   </datafield>
   <datafield tag="653" ind2=" " ind1=" ">
      <subfield code="a">Tejido queratinizado</subfield>
   </datafield>
   <datafield tag="653" ind2=" " ind1=" ">
      <subfield code="a">Cuello de implante</subfield>
   </datafield>
   <datafield tag="653" ind2=" " ind1=" ">
      <subfield code="a">Tasa de éxito</subfield>
   </datafield>
   <datafield tag="653" ind2=" " ind1=" ">
      <subfield code="a">Tasa de fracaso</subfield>
   </datafield>
   <datafield tag="653" ind2=" " ind1=" ">
      <subfield code="a">Marginal bone loss</subfield>
   </datafield>
   <datafield tag="653" ind2=" " ind1=" ">
      <subfield code="a">Dental implants</subfield>
   </datafield>
   <datafield tag="653" ind2=" " ind1=" ">
      <subfield code="a">Peri-implantitis</subfield>
   </datafield>
   <datafield tag="653" ind2=" " ind1=" ">
      <subfield code="a">Keratinized tissue</subfield>
   </datafield>
   <datafield tag="653" ind2=" " ind1=" ">
      <subfield code="a">Implant neck</subfield>
   </datafield>
   <datafield tag="653" ind2=" " ind1=" ">
      <subfield code="a">Success rate</subfield>
   </datafield>
   <datafield tag="653" ind2=" " ind1=" ">
      <subfield code="a">Failure rate</subfield>
   </datafield>
   <datafield ind2="0" ind1="0" tag="245">
      <subfield code="a">Covariates relating to implant failure and marginal bone loss of a novel triangular neck-implant placed by post-graduate students: a 1-year prospective cohort study</subfield>
   </datafield>
</record></metadata></record></GetRecord></OAI-PMH>